000 00482nam a2200181Ia 4500
005 20250508154515.0
008 008 250505s9999 xx 000 0 eng d
037 _aTextual
040 _aFEDL
_beng
_cFEDL
041 _aeng
_2eng
084 _a371.425, ROS
_qFEDL
100 _aRosenberg Morris
245 0 _aOccupations and values
260 _aGlencoe
_bThe Free Press
_c1957
300 _a158p.
942 _cTEXL
_h371.425, ROS
999 _c1350662
_d1350662